| 000 | 00523nam a2200205Ia 4500 | ||
|---|---|---|---|
| 005 | 20260429112054.0 | ||
| 008 | 260429s9999||||xx |||||||||||||| ||und|| | ||
| 020 | _a9781835351208 | ||
| 041 | _aEnglish | ||
| 082 |
_a615.538 _bSTU |
||
| 100 | _aStudded, Gary | ||
| 245 | 0 |
_aTherapy of yoga / _cGary Studded |
|
| 250 | _a1st ed. | ||
| 260 |
_aLondon : _bETP ED- Tech Press, _c2025. |
||
| 300 | _aviii, 329 p.; hb | ||
| 650 | _a Alternative medicine | ||
| 650 | _a Wellness | ||
| 650 | _aYoga therapy | ||
| 942 | _cTB | ||
| 999 |
_c52201 _d52201 |
||